<?xml version="1.0" encoding="UTF-8"?><?xml-stylesheet type="text/xsl" href="static/style.xsl"?><OAI-PMH xmlns="http://www.openarchives.org/OAI/2.0/" xmlns:xsi="http://www.w3.org/2001/XMLSchema-instance" xsi:schemaLocation="http://www.openarchives.org/OAI/2.0/ http://www.openarchives.org/OAI/2.0/OAI-PMH.xsd"><responseDate>2026-04-17T02:58:59Z</responseDate><request verb="GetRecord" identifier="oai:www.recercat.cat:2445/23702" metadataPrefix="marc">https://recercat.cat/oai/request</request><GetRecord><record><header><identifier>oai:recercat.cat:2445/23702</identifier><datestamp>2025-12-05T10:39:03Z</datestamp><setSpec>com_2072_1057</setSpec><setSpec>col_2072_478917</setSpec><setSpec>col_2072_478935</setSpec></header><metadata><record xmlns="http://www.loc.gov/MARC21/slim" xmlns:dcterms="http://purl.org/dc/terms/" xmlns:xsi="http://www.w3.org/2001/XMLSchema-instance" xmlns:doc="http://www.lyncode.com/xoai" xsi:schemaLocation="http://www.loc.gov/MARC21/slim http://www.loc.gov/standards/marcxml/schema/MARC21slim.xsd">
   <leader>00925njm 22002777a 4500</leader>
   <datafield ind2=" " ind1=" " tag="042">
      <subfield code="a">dc</subfield>
   </datafield>
   <datafield ind2=" " ind1=" " tag="720">
      <subfield code="a">Miguel, Jesús M. de</subfield>
      <subfield code="e">author</subfield>
   </datafield>
   <datafield ind2=" " ind1=" " tag="260">
      <subfield code="c">2012-04-13T10:03:07Z</subfield>
   </datafield>
   <datafield ind2=" " ind1=" " tag="260">
      <subfield code="c">2012-04-13T10:03:07Z</subfield>
   </datafield>
   <datafield ind2=" " ind1=" " tag="260">
      <subfield code="c">1976</subfield>
   </datafield>
   <datafield ind2=" " ind1=" " tag="520">
      <subfield code="a">La sociología de la medicina debe presentarse desde sus fundamentos profesionales&#xd;
de disciplina académica; y siempre en relación con las diversas profesiones&#xd;
que tratan temas de sanidad. Para ello es necesario trazar su historia&#xd;
generacional e intentar aplicar el modelo a la situación española actual. La sociología&#xd;
de la medicina como una disciplina se puede resumir en un programa,&#xd;
con ocho sesiones ordenadas gradualmente de las más generales a más particulares,&#xd;
y a su vez de más amplias a mis concretas. Aquí se presentan 10s temas&#xd;
y objetivos de investigación típicos de cada una de las secciones y una bibliografía&#xd;
básica ordenada cronológicamente. Además se detallan las contribuciones&#xd;
a la sociología de la medicina existentes en España, siguiendo el esquema teórico&#xd;
anterior; el modelo propuesto prevé las distintas formas posibles del desarrollo&#xd;
de esta ciencia en nuestro país. Finalmente, en el apéndice se presenta&#xd;
una bibliografía básica comentada que reúne cerca de un centenar de&#xd;
publicaciones. Se pretende con todo ello dar una idea dinámica de esta ciencia,&#xd;
en un marco de referencia internacional, y su posible aplicación futura en&#xd;
nuestro país.</subfield>
   </datafield>
   <datafield tag="653" ind2=" " ind1=" ">
      <subfield code="a">Sociologia</subfield>
   </datafield>
   <datafield tag="653" ind2=" " ind1=" ">
      <subfield code="a">Medicina</subfield>
   </datafield>
   <datafield tag="653" ind2=" " ind1=" ">
      <subfield code="a">Sociology</subfield>
   </datafield>
   <datafield tag="653" ind2=" " ind1=" ">
      <subfield code="a">Medicine</subfield>
   </datafield>
   <datafield ind2="0" ind1="0" tag="245">
      <subfield code="a">Fundamentos de Sociología de la Medicina</subfield>
   </datafield>
</record></metadata></record></GetRecord></OAI-PMH>